V popredí sú vernosť a bezpečnosť

V dôsledku finančnej krízy sa mení spotrebiteľské správanie. Ľudia prehodnocujú svoje hodnoty, šetria a hľadajú najlacnejšie predajné kanály. Jedným z nich je internet, na ktorom požadujú väčšiu platobnú bezpečnosť. Rast transakcií kartami MasterCard.

Na minha lista:
Detalhes bibliográficos
Autor principal: Hinková-Dibarborová, Andrea
Formato: Capítulo de Livro
Idioma:eslovaco
Assuntos:
Tags: Adicionar Tag
Sem tags, seja o primeiro a adicionar uma tag!

MARC

LEADER 00000naa$a2200000$$$4500
001 0097396
005 20231128093855.7
041 0 |a slo 
044 |a SK 
245 1 0 |a V popredí sú vernosť a bezpečnosť  |c Andrea Hinková-Dibarborová 
520 |a V dôsledku finančnej krízy sa mení spotrebiteľské správanie. Ľudia prehodnocujú svoje hodnoty, šetria a hľadajú najlacnejšie predajné kanály. Jedným z nich je internet, na ktorom požadujú väčšiu platobnú bezpečnosť. Rast transakcií kartami MasterCard. 
610 2 0 |a nákup 
610 2 0 |a správanie spotrebiteľa 
610 2 0 |a karty platobné 
610 2 0 |a ceny 
610 2 0 |a sporenie obyvateľstva 
610 2 0 |a obchod elektronický 
100 1 |a Hinková-Dibarborová, Andrea